00340nam a2200121Ia 4500008004100000040001700041041001200058082001800070100001800088245006200106260003500168300001500203230917s9999||||xx |||||||||||||| ||und|| e128511aMAIN aEnglish a320.954 N164T aNarain, Iqbal 0aTwilight or dawn: The political change in India (1967-71) aAgrabShiva Lal Agarwalac1972 aii, 244 p.